| 000 | 00623nam a2200205 a 4500 | ||
|---|---|---|---|
| 005 | 20240919063814.0 | ||
| 008 | 991125s1994 mx 000 0 spa u | ||
| 020 | _a9688424641 | ||
| 035 | _aUPN01000031329 | ||
| 049 | _aF | ||
| 050 | 4 | _aJL1224 P4.5 | |
| 100 | 1 | _aPérez Fernández del Castillo, Germán | |
| 245 | 1 | 3 |
_aLa ingobernabilidad : _bÿuna hipótesis que se autoconfirma? / _cGermán Pérez Fernández del Castillo |
| 260 |
_aMéxico : _bPorrúa, _c1994 |
||
| 300 | _a21 p | ||
| 440 | 0 |
_aTextos para el cambio; _v12 |
|
| 651 | 4 |
_aMéxico _xPolítica y gobierno _94512 |
|
| 904 |
_aAC _b031330 |
||
| 905 | _aLibro | ||
| 999 |
_c31329 _d31329 |
||